Flag for lande, der starter med A - Statistics

General Stats
  • This quiz has been taken 12 times
  • The average score is 7 of 10
Answer Stats
Picture Answer % Correct
Albanien
88%
Algeriet
88%
Argentina
88%
Angola
75%
Armenien
75%
Australien
75%
Andorra
63%
Aserbajdsjan
63%
Antigua og Barbuda
50%
Afghanistan
25%
No matching quizzes found
Score Distribution
Percent of People with Each Score
Percentile by Number Answered
Your Score History
You have not taken this quiz